00497nam a2200193 a 4500001001300000003000900013005001700022008004100039020001000080082001300090100002300103245003600126260003200162300000900194500003500203505001000238650003200248700002300280nice12345678IN_TiNIC20260116011256.0050524s1962 bosa grp 000 0 eng  ac10800a255bWOR aWorkman, Herbert B aEvolution of the Monastic Ideal aBostonbBeacon Press c1962 a368p aincludes index and biblioraphy2 aIndex aMonastic and Religious Life1 aWorkman, Herbert B